000 00714nam a2200289Ia 4500
005 20260324124556.0
008 008 260324s9999 xx 000 0 eng d
020 _a9780429098529
037 _aEBOOK
040 _aCRL
040 _beng
040 _cCRL
041 _2eng
041 _aeng
084 _qCRL
100 _aLeeAnn Racz; Adedeji B. Badiru
_91174681
245 0 _aHandbook of Emergency Response
245 2 _bA Human Factors and Systems Engineering Approach
260 _bTaylor and Francis
260 _c2010
365 _a
365 _b305
856 _uhttp://www.taylorfrancis.com/books/9780429098529
942 _cEBOOK
999 _c1769179
_d1769179